00711 a2200145 4500003000500000005001700005040000900022082001200031100002600043245004900069260005000118300001600168505036300184650001800547NUST20221205124827.0 cNust a027,PAK aMalik, Sain Muhammad  aPakistan Librarinship /cSain Muhammad Malik aPeshawarbPakistan Library Association c1982 aix,240 p .: aPresidents and secretary generals (Page-1), Role of university library (Page-39), University library standards for Pakistan (Page-65), Role of college library (Page-82), Role of public library (Page-107), Role of national library (Page-119), Library services to disabled persons (Page-136), Code of professional ethics for librarians in Pakistan (Page-143).  aLibrarinship